Planificación económica del turismo: de una estrategia masiva a una artesanal

Bewaard in:
Bibliografische gegevens
Hoofdauteur: Bote Gómez, Venancio (Auteur)
Formaat: Boek
Taal:Spaans
Gepubliceerd in: Ciudad de México Trillas 1990
Reeks:Turismo Trillas
Onderwerpen:
Tags: Voeg label toe
Geen labels, Wees de eerste die dit record labelt!

MARC

LEADER 00000nam a2200000 a 4500
001 UCI4067
003 CL-VaPUC
008 071214e19900000MX |||||||||||||||||spa|d
020 |a 9682432804 
082 0 4 |a 338.4791  |b BOT  |2 21 
100 0 |a Bote Gómez, Venancio  |e author  |9 525701 
245 1 0 |a Planificación económica del turismo: de una estrategia masiva a una artesanal 
300 |a 373 p 
942 |c BK 
945 |d 20071214 00:00:00  |a jtorresc 
260 |a Ciudad de México  |b Trillas  |c 1990 
650 0 |a Turismo  |9 308920 
650 0 |a Aspectos económicos  |9 255165 
650 0 |a Planificación estratégica   |9 259735 
650 0 |a ESPACIO RURAL  |9 525702 
650 7 |a TURISMO INTERNACIONAL  |2 CL-VaPUC  |9 434170 
650 0 |a Oferta y demanda  |9 255571 
651 0 |a España  |9 254926 
583 |a last modification  |c 20170808 12:54:54  |k Rodrigo Vera 
490 0 |a Turismo Trillas 
999 |c 328063  |d 328061 
952 |0 0  |1 0  |4 0  |6 338_479100000000000_BOT_1990  |7 0  |8 A  |9 411786  |a BIBING  |b BIBING  |d 2019-11-22  |i 4396898  |o 338.4791 BOT 1990  |p 4396898  |r 2025-01-20  |w 2019-11-22  |y BK  |k GEO 
952 |0 0  |1 0  |4 0  |6 338_479100000000000_BOT_1990  |7 0  |8 A  |9 411787  |a BIBING  |b BIBING  |d 2019-11-22  |i 4396901  |o 338.4791 BOT 1990  |p 4396901  |r 2025-01-20  |w 2019-11-22  |y BK  |k GEO 
952 |0 0  |1 0  |4 0  |6 338_479100000000000_BOT_1990  |7 0  |8 A  |9 411788  |a BIBING  |b BIBING  |d 2019-11-22  |i 4657896  |o 338.4791 BOT 1990  |p 4657896  |r 2025-01-20  |w 2019-11-22  |y BK  |k GEO